| 000 | 01123nam a22002895a 4500 | ||
|---|---|---|---|
| 005 | 20090713065637.0 | ||
| 008 | 090709s2009 wau 000 0 eng | ||
| 010 | _aENG-95835 | ||
| 020 |
_a9780198064381 _c2450.00 |
||
| 020 |
_a0198064381 _c2450.00 |
||
| 035 | _aEN-79368 | ||
| 037 | _bDBAD/PUB | ||
| 040 | _aDPL | ||
| 082 | _a954.41 | ||
| 100 | _aDossal, Mariam | ||
| 245 |
_aTheatre of conflict, city of hope : _cby Mariam Dossal _bMumbai : 1660 to present times / |
||
| 260 |
_aNew Delhi _bOxford University Press _c2010 |
||
| 270 |
_aYMCA Library Building, Jai Singh road _bNew Delhi _e110001 |
||
| 300 |
_axxxv, 252p. _bll., maps _c28 cm. (Hb) |
||
| 500 | _aIncludes bibliographical references and index | ||
| 650 |
_aLand use _zIndia _zBombay |
||
| 650 |
_aCities and towns _zIndia _zBombay _xGrowth _xHistory |
||
| 651 |
_aBombay (India) _xHistory |
||
| 942 |
_2ddc _cEN _mDOS _h954.41 |
||
| 999 |
_c33629 _d33629 |
||